| 000 | 01198nam a2200241Ia 4500 | ||
|---|---|---|---|
| 999 |
_c53731 _d53731 |
||
| 001 | 20779 | ||
| 003 | GE_BSU | ||
| 005 | 20221114105815.0 | ||
| 008 | 181216s2013||||enk|||||||||||||| ||eng|| | ||
| 020 | _a9780719083464x | ||
| 040 | _cGE_BSU | ||
| 041 | _ageo | ||
| 080 | _a32.12 C-11 | ||
| 245 | 4 |
_aThe European Union in Africa : _bIncoherent policies, asymmetrical partnership, declining relevance? / _cMaurizio Carbone. |
|
| 264 |
_aNew York : _bManchester University Press, _c2013. |
||
| 300 |
_a330 p. ; _c24 cm. |
||
| 500 | _aIndex. : p. 325-330 | ||
| 541 | _h123 Gel. | ||
| 653 | _aThe European Union in Africa : Incoherent policies, asymmetrical partnership, declining relevance? | ||
| 653 | _aЕвропейский союз в Африке : несогласованная политика, асимметричное партнерство, снижается актуальность? | ||
| 653 | _aევროკავშირი აფრიკაში : არაკომერციული პოლიტიკა, ასიმეტრიული პარტნიორობა, მცირდება შესაბამისობა? | ||
| 942 |
_cBK _2udc |
||